000 00990nam a22002537a 4500
005 20090213105347.0
008 090212t xxu||||| |||| 00| 0 eng d
010 _aTEL-4960
020 _cRs.40.00
035 _aTL-3967
037 _bDBAD / PUB
040 _adpl
_bTelugu
082 _a170
100 _aచిన్నయసూరి, పరవస్తు
245 _aనీతి చంద్రిక /
_cపరవస్తు చిన్నయసూరి
246 _aNiti chandrika /
_bParavastu chinnayasuri
260 _aవిజయవాడ
_bక్వాలిటీ పబ్లిషర్స్
_c2008
270 _aరామమందిరం వీధి
_bవిజయవాడ
_e520 002
300 _a166 పే.
_c18 సె.మీ.
650 _2నీతులు
650 _2Ethics
942 _2ddc
_cTL
_h170
_m/CHI
999 _c23609
_d23609